000 00439nam a2200157Ia 4500
003 GCL
008 140319s9999 xx 000 0 ara d
040 _aGCL /
_cGCL
082 0 4 _aد
_b050
100 1 _aمصطفى الشهابى
245 1 0 _aالالعاب الاوليمبية (اقرا 213) /
_cمصطفى الشهابى
300 _a104
490 _aاقرأ
_v0
650 0 4 _aالالعاب الاوليمبية
942 _2ddc
_cBK
999 _c48862
_d48862